Trovas de Mossén Jaime Febrer sobre los caballeros que vinieron con el Rey Don Jaime a la conquista de Valencia. (Record no. 61918)

MARC details
000 -LEADER
campo de control de longitud fija 00734nam a2200193 i 4500
001 - NÚMERO DE CONTROL
campo de control 61918
003 - IDENTIFICADOR DE NÚMERO DE CONTROL
campo de control ES-MaACL
005 - FECHA Y HORA DE LA ÚLTIMA TRANSACCIÓN
campo de control 20230906164553.0
007 - CAMPO FIJO DE DESCRIPCIÓN FÍSICA--INFORMACIÓN GENERAL
campo de control de longitud fija t|
008 - DATOS DE LONGITUD FIJA--INFORMACIÓN GENERAL
campo de control de longitud fija 031114s1967 sp ||||1| spa d
100 1# - ENTRADA PRINCIPAL--NOMBRE DE PERSONA
Nombre de persona Febrer, Jaime.
9 (RLIN) 49042
245 10 - MENCIÓN DEL TÍTULO
Título Trovas de Mossén Jaime Febrer sobre los caballeros que vinieron con el Rey Don Jaime a la conquista de Valencia.
260 ## - PUBLICACIÓN, DISTRIBUCIÓN, ETC.
Lugar de publicación, distribución, etc. Valencia :
Nombre del editor, distribuidor, etc. [s.n.],
Fecha de publicación, distribución, etc. 1967 (
Fabricante Tip. Quiles)
300 ## - DESCRIPCIÓN FÍSICA
Extensión 618 p. ;
Dimensiones 32 cm.
500 ## - NOTA GENERAL
Nota general Nueva ed. basada en la primera y segunda... editada en Palma de Mallorca en 1848 por Joaquin Maria Bover.
650 #4 - PUNTO DE ACCESO ADICIONAL DE MATERIA--TÉRMINO DE MATERIA
Término de materia o nombre geográfico como elemento de entrada Heráldica-
Subdivisión geográfica Valencia (Reino)
9 (RLIN) 157566
700 1# - ENTRADA AGREGADA--NOMBRE PERSONAL
Nombre de persona Bover, Joaquín María (
Fechas asociadas al nombre 1810-1865)
9 (RLIN) 146861
852 ## - LOCALIZACIÓN
Ubicación ES-MaACL
Número de control de estantería C-33365
Sublocalización o colección R.64207
Holdings
Estatus retirado Estado de pérdida Estado de daño No para préstamo Biblioteca de origen Biblioteca actual Ubicación en estantería Fecha de adquisición Fuente de adquisición Total de préstamos Signatura topográfica completa Código de barras Visto por última vez Precio de reemplazo Tipo de ítem Koha
        Biblioteca del Ateneo de Madrid Biblioteca del Ateneo de Madrid Depósito 2 17/01/2008     C-33365 1064918 23/02/2023 23/02/2023 Libro impreso